Quantitative Aptitude: (Record no. 194102)
[ view plain ]
| 000 -LEADER | |
|---|---|
| fixed length control field | 00846nam a22001937a 4500 |
| 005 - DATE AND TIME OF LATEST TRANSACTION | |
| control field | 20230127103712.0 |
| 010 ## - LCCN (DPL NO) | |
| LC control number | B-746612-617 E.N.A./7.11.22 |
| 020 ## - INTERNATIONAL STANDARD BOOK NUMBER | |
| International Standard Book Number | 9789355012326 |
| Terms of availability | 799.00 |
| 035 ## - SYSTEM CONTROL NUMBER | |
| System control number | B-746612-617 |
| 037 ## - SOURCE OF ACQUISITION | |
| Source of stock number/acquisition | Aakar |
| 082 ## - DEWEY DECIMAL CLASSIFICATION NUMBER | |
| Classification number | 000 |
| 100 ## - MAIN ENTRY--PERSONAL NAME | |
| Personal name | Aggarwal, R.S. |
| 245 ## - TITLE STATEMENT | |
| Title | Quantitative Aptitude: |
| Remainder of title | For Competitive Examinations (Fully Solved and Updated)/ |
| Statement of responsibility, etc | R.S. Aggarwal |
| 260 ## - PUBLICATION, DISTRIBUTION, ETC. (IMPRINT) | |
| Place of publication, distribution, etc | New Delhi |
| Name of publisher, distributor, etc | S Chand And Company Limited |
| Date of publication, distribution, etc | 2022 |
| 270 ## - ADDRESS | |
| Address | Block B-1, House No.D-1, Ground Floor, Mohan Co-operative Industrial Estate |
| City | New Delhi |
| Postal code | 110044 |
| Electronic mail address | info@schandpublishing.com |
| Telephone number | 011-49731800 |
| 300 ## - PHYSICAL DESCRIPTION | |
| Extent | 910p. |
| Dimensions | 27cm(pbk) |
| 942 ## - ADDED ENTRY ELEMENTS (KOHA) | |
| Source of classification or shelving scheme | Dewey Decimal Classification |
| Item type | English Books |
| Call number suffix | AGG |
| Withdrawn status | Lost status | Not for loan | Collection code | Home library | Current library | Date acquired | Source of acquisition | Cost, normal purchase price | Full call number | Barcode | Copy number | Cost, replacement price | Koha item type |
|---|---|---|---|---|---|---|---|---|---|---|---|---|---|
| Non-fiction | Ashok Vihar | Ashok Vihar | 27/01/2023 | Aakar Books/I-2244/28.11.22/142/23.11.22/2.12.22 | 799.00 | AGG | B-746613 | 1 | 799.00 | English Books | |||
| Non-fiction | Bawana | Bawana | 27/01/2023 | Aakar Books/I-2244/28.11.22/142/23.11.22/2.12.22 | 799.00 | AGG | B-746616 | 1 | 799.00 | English Books | |||
| Non-fiction | Central Library | Central Library | 27/01/2023 | Aakar Books/I-2244/28.11.22/142/23.11.22/2.12.22 | 799.00 | AGG | B-746612 | 1 | 799.00 | English Books | |||
| Non-fiction | Patel Nagar | Patel Nagar | 27/01/2023 | Aakar Books/I-2244/28.11.22/142/23.11.22/2.12.22 | 799.00 | AGG | B-746614 | 1 | 799.00 | English Books | |||
| Non-fiction | Sarojini Nagar | Sarojini Nagar | 27/01/2023 | Aakar Books/I-2244/28.11.22/142/23.11.22/2.12.22 | 799.00 | AGG | B-746615 | 1 | 799.00 | English Books | |||
| Non-fiction | Shahdara Branch | Shahdara Branch | 27/01/2023 | Aakar Books/I-2244/28.11.22/142/23.11.22/2.12.22 | 799.00 | AGG | B-746617 | 1 | 799.00 | English Books |
